000 00277nam a22001217a 4500
040 _cSK
082 _a371
100 _aផល អ៊ីម
245 _aរបាយការណ៏សិក្ខាសិលា
260 _aRUA
_bផល
_c1999
300 _a54p.
942 _cKB
999 _c9967
_d9967